Detalles MARC
| 000 -LÍDER |
| Campo fijo de descripción fija |
02021nam a2200301 i 4500 |
| 001 - NÚMERO DE CONTROL |
| Campo de control |
768714001 |
| 003 - IDENTIFICADOR DEL NÚMERO DE CONTROL |
| Campo de control |
CO-MdFUSB |
| 005 - FECHA Y HORA DE LA ULTIMA TRANSACCIÓN |
| control field |
20220328114617.0 |
| 007 - CAMPO FIJO DE DESCRIPCIÓN FIJA--INFORMACIÓN GENERAL |
| Campo fijo de descripción fija |
ta |
| 008 - ELEMENTOS DE LONGITUD FIJA -- INFORMACIÓN GENERAL |
| Campo fijo de descripción fija -- Información general |
220121t2019 ag |||| |||| 00| 0 spa d |
| 020 ## - NÚMERO INTERNACIONAL NORMALIZADO PARA LIBROS |
| Número Internacional Normalizado del libro |
9789878614045 |
| 040 ## - FUENTE DE CATALOGACIÓN |
| Agencia de catalogación original |
CO-MdFUSB |
| Idioma de catalogación |
spa |
| Agencia que realiza la transcripción |
CO-MdFUSB |
| Agencia que realiza la modificación |
CO-MdFUSBC |
| Convenciones de la descripción |
rda |
| 041 ## - CÓDIGO DE IDIOMA |
| Código de idioma para texto/pista de sonido o título separado |
spa |
| 082 ## - NÚMERO DE CLASIFICACIÓN DECIMAL DEWEY |
| Número de la edición del Dewey |
23 |
| Número de clasificación |
251 |
| Clave de autor-Numero de item |
W419 |
| 100 ## - ASIENTO PRINCIPAL--NOMBRE PERSONAL |
| Nombre personal |
Weigandt, Wilfredo, |
| Término relacionador |
autor |
| 245 1# - TÍTULO |
| Título del Material |
Predicación narrativa : |
| Parte restante del título - Subtitulo |
exposiciones bíblicas de textos discursivos, poéticos y narrativos. |
| Mención de responsabilidad, etc. |
/ Wilfredo Weigandt |
| 264 #0 - PRODUCCIÓN, PUBLICACIÓN, DISTRIBUCIÓN, MANUFACTURA, Y COPYRIGHT |
| Lugar de producción, publicación, distribución, manufactura |
Córdoba, Argentina : |
| Nombre del productor, publicador, distribuidor |
[Editorial no identificada], |
| Fecha de producción, publicación, distribución, manufactura, o copyright |
2019 |
| 300 ## - DESCRIPCIÓN FÍSICA |
| Extensión |
199 páginas |
| Dimensiones |
; 21 cm |
| 336 ## - TIPO DE CONTENIDO |
| Fuente |
rdacontent |
| Término de tipo de contenido |
texto |
| Código de tipo de contenido |
txt |
| 337 ## - TIPO DE MEDIO |
| Fuente |
rdamedia |
| Nombre del tipo de medio |
sin mediación |
| Código del tipo de medio |
n |
| 338 ## - TIPO DE SOPORTE |
| Fuente |
rdacarrier |
| Nombre del tipo de soporte |
volumen |
| Código Tipo de soporte |
nc |
| 505 ## - NOTA DE CONTENIDO |
| Nota de contenido con formato preestablecido |
El arte de creer en el camino... para ver. -- Trascender la melodía de la sumisión. -- Desde un racimo. -- Una metáfora actual. -- Nuevos Kyrios, nuevos Oikos. -- Si el profeta nos hablara. -- El extraño caso del luchador transformado. -- Las bondades del fracaso. -- Como está lejos el oriente del occidente. -- Un llamado desde la incandescencia. -- Cielo de Jonia. -- Trascender el liderazgo meramente humano. -- Nunca te olvides del defensor. -- Notas que afirman los senderos de la fe. -- Trascender la cultura dominante. -- Contrastes esclarecedores. -- Sueños de fértil pradera. -- El valor de la perseverancia. -- Trascender el poder inmanente. -- Un equipo que resuelve los conflictos. |
| 520 ## - NOTA DE RESUMEN, ETC. |
| Nota de sumario, etc. |
Comparto en este libro veinte exposiciones bíblicas en formato narrativo que he predicado frente a auditorios muy diversos.<br/>Habitan en ellas tanto historias de inhumanidad como ejemplos de vida abundante, aromas de mi infancia y realidades de vida que aun hoy no puedo digerir, semblanzas del doliente mundo que habitamos y anhelos de Reino de Dios, lugares donde me he conectado con lo más bello de la vida y desafíos que me superan. |
| 563 ## - NOTA DE ENCUADERNACIÓN |
| Nota de encuadernación |
Rústico |
| 650 #0 - ASIENTO SECUNDARIO DE MATERIA - TERMINO TEMÁTICO |
| 9 (RLIN) |
54 |
| Término temático o nombre geográfico como elemento de entrada |
Predicación |
| 942 ## - TIPO DE MATERIAL (KOHA) |
| Tipo de Item KOHA |
Libros General |
| 945 ## - INFORMACIÓN LOCAL DEL REGISTRO |
| Catalogador |
JTF-925 |